000 00503nam a2200169Ia 4500
003 OSt
005 20210920123615.0
008 190216s9999||||xx |||||||||||||| ||und||
040 _coclc
082 _a297.124
_bSAB/H
100 _aSabki, Ibn
_98851
245 0 _aHashiyat Al Bannani Jami Al Jawamih /
_cIbn Sabki
260 _bMolvi Mohammed Bin Gulamrasul Surtis Sons,
_c1977.
_aMumbai:
300 _a432p
650 _aArabic
942 _cBK
_2ddc
_h297.124
_iSAB/H
_k297.124
_mSAB/H
999 _c545
_d545